Modern organization

Na minha lista:
Detalhes bibliográficos
Autor principal: Thompson, Victoria A.
Formato: Livro
Publicado em: [Chicago] : [SN] [SN]
Assuntos:
Tags: Adicionar Tag
Sem tags, seja o primeiro a adicionar uma tag!

MARC

LEADER 00000cam a22000001 4500
020 |a SN 
040 |a MUL  |b eng  |e AACR 
082 |a 658 THO 
100 1 |a Thompson, Victoria A.  
245 1 0 |a Modern organization  |c / Victoria A. Thompson 
260 |a [Chicago] :   |b [SN]  |c [SN] 
300 |a viii, 197 (xi) p. :  |c 23 cm. 
504 |a Includes index 
650 0 |a Organization Hierarchy  
650 0 |a Bureaucracy 
942 |c BK 
999 |c 4257  |d 4257